[Event "UZB-ch U20"]
[Site "Tashkent"]
[Date "2010.09.17"]
[Round "13"]
[White "Faizulaev, Akmal"]
[Black "Khamroev, Ravshan"]
[Result "1-0"]
[WhiteElo "2310"]
[BlackElo "2242"]
[PlyCount "67"]
[EventDate "2010.09.05"]
[EventType "tourn"]
[EventRounds "13"]
[EventCountry "UZB"]
[SourceTitle "CBM 138 Extra"]
[Source "ChessBase"]
[SourceDate "2010.10.29"]
[SourceVersion "1"]
[SourceVersionDate "2010.10.29"]
[SourceQuality "1"]

1. e4 d5 2. exd5 Nf6 3. d4 Bg4 4. Nf3 Qxd5 5. Be2 Nc6 6. c4 Qf5 7. Nc3 0-0-0 8. Be3 e5 9. d5 Nb4 10. 0-0 Bxf3 11. Bxf3 Nc2 12. Qb1 Nxe3 13. fxe3 Qg5 14. Qd3 Bc5 15. Rae1 Rhe8 16. a3 a5 17. Ne4 Nxe4 18. Bxe4 Re7 19. b4 Ba7 20. c5 g6 21. d6 Red7 22. Bxb7+ Kxb7 23. Qb5+ Ka8 24. Qc6+ Kb8 25. bxa5 Rxd6 26. cxd6 Bxe3+ 27. Kh1 Rxd6 28. Qe8+ Ka7 29. Rxf7 Qd8 30. Qxe5 Bd4 31. Qb5 Rd5 32. Qc6 Rc5 33. Qb6+ Ka8 34. Qa6+ 1-0

[Event "UZB-ch U20"]
[Site "Tashkent"]
[Date "2010.09.14"]
[Round "10"]
[White "Khamroev, Ravshan"]
[Black "Artemenko, Oleg"]
[Result "1/2-1/2"]
[WhiteElo "2242"]
[BlackElo "2148"]
[PlyCount "91"]
[EventDate "2010.09.05"]
[EventType "tourn"]
[EventRounds "13"]
[EventCountry "UZB"]
[SourceTitle "CBM 138 Extra"]
[Source "ChessBase"]
[SourceDate "2010.10.29"]
[SourceVersion "1"]
[SourceVersionDate "2010.10.29"]
[SourceQuality "1"]

1. e4 e6 2. Nf3 d5 3. Nc3 Nf6 4. e5 Nfd7 5. d4 c5 6. dxc5 Nc6 7. Bf4 Be7 8. a3 Nxc5 9. h4 a6 10. Rh3 Qb6 11. b4 Ne4 12. Nxe4 dxe4 13. Nd2 0-0 14. b5 axb5 15. Nxe4 Rd8 16. Bd3 Qd4 17. c3 Qd5 18. Qh5 g6 19. Qe2 Nxe5 20. Rd1 Ra4 21. Bc2 Rxe4 22. Qxe4 Qxe4+ 23. Bxe4 Rxd1+ 24. Kxd1 Nc4 25. Bc1 e5 26. Rd3 Nd6 27. f3 Nxe4 28. fxe4 Be6 29. g3 Kf8 30. Be3 Ke8 31. Bb6 Bb3+ 32. Ke1 Bc2 33. Rd5 f6 34. Rxb5 Bxa3 35. Bc5 Bxc5 36. Rxc5 Bxe4 37. Rc7 h5 38. Kd2 Kf8 39. Ke3 Bc6 40. Kd3 Bb5+ 41. Ke3 Bc6 42. Kd3 Bb5+ 43. Ke3 Bc6 44. Kd3 Bb5+ 45. c4 Bc6 46. Ke3 1/2-1/2

[Event "UZB-ch U20"]
[Site "Tashkent"]
[Date "2010.09.09"]
[Round "5"]
[White "Khamroev, Ravshan"]
[Black "Guseynov, Alihan"]
[Result "1-0"]
[WhiteElo "2242"]
[BlackElo "2096"]
[PlyCount "73"]
[EventDate "2010.09.05"]
[EventType "tourn"]
[EventRounds "13"]
[EventCountry "UZB"]
[SourceTitle "CBM 138 Extra"]
[Source "ChessBase"]
[SourceDate "2010.10.29"]
[SourceVersion "1"]
[SourceVersionDate "2010.10.29"]
[SourceQuality "1"]

1. e4 c5 2. Nf3 d6 3. d4 cxd4 4. Qxd4 Nc6 5. Bb5 Bd7 6. Bxc6 Bxc6 7. Nc3 Nf6 8. Bg5 e6 9. 0-0-0 Be7 10. Qd3 0-0 11. Nd4 Qa5 12. f4 Rfc8 13. f5 Bd7 14. Nb3 Qc7 15. Bxf6 gxf6 16. Qh3 b5 17. Rd3 Kh8 18. Qh5 Rg8 19. Qxf7 Rg7 20. Qh5 b4 21. fxe6 bxc3 22. Rxc3 Bc6 23. Nd4 Rg5 24. Rxc6 Qa5 25. Qe2 Qxa2 26. Qa6 Ra5 27. Qb7 Qa1+ 28. Kd2 Qxh1 29. Qxa8+ Kg7 30. Qe8 Qxg2+ 31. Kc3 Qf2 32. Qxe7+ Kh6 33. Qf8+ Kh5 34. e7 Qe3+ 35. Kb4 Qd2+ 36. Kb3 Qe3+ 37. c3 1-0

[Event "UZB-ch U20"]
[Site "Tashkent"]
[Date "2010.09.05"]
[Round "1"]
[White "Khamroev, Ravshan"]
[Black "Ohunov, Bobur"]
[Result "1-0"]
[WhiteElo "2242"]
[BlackElo "2173"]
[PlyCount "53"]
[EventDate "2010.09.05"]
[EventType "tourn"]
[EventRounds "13"]
[EventCountry "UZB"]
[SourceTitle "CBM 138 Extra"]
[Source "ChessBase"]
[SourceDate "2010.10.29"]
[SourceVersion "1"]
[SourceVersionDate "2010.10.29"]
[SourceQuality "1"]

1. e4 e5 2. Bc4 Nf6 3. d3 Nc6 4. Nc3 Bb4 5. Nge2 d5 6. exd5 Nxd5 7. 0-0 Be6 8. Kh1 0-0 9. Bb3 Re8 10. f4 Bxc3 11. bxc3 Bg4 12. Qd2 e4 13. Ng3 Nf6 14. f5 exd3 15. cxd3 h5 16. h3 Qd6 17. Qf2 h4 18. Ne4 Rxe4 19. dxe4 Nxe4 20. Qxh4 Ng3+ 21. Kg1 Nxf1 22. Qxg4 Re8 23. Bf4 Ne3 24. Qh5 Qd7 25. Re1 Nd5 26. Rxe8+ Qxe8 27. Bxd5 1-0

[Event "Agzamov Memorial 04th"]
[Site "Tashkent"]
[Date "2010.03.30"]
[Round "8"]
[White "Ziatdinov, Raset"]
[Black "Khamroev, Ravshan"]
[Result "1-0"]
[WhiteElo "2410"]
[BlackElo "2175"]
[PlyCount "45"]
[EventDate "2010.03.23"]
[EventType "swiss"]
[EventRounds "9"]
[EventCountry "UZB"]
[SourceTitle "CBM 135 Extra"]
[Source "ChessBase"]
[SourceDate "2010.05.04"]
[SourceVersion "1"]
[SourceVersionDate "2010.05.04"]
[SourceQuality "1"]

1. e4 d5 2. exd5 Qxd5 3. Nf3 Nf6 4. d4 g6 5. c4 Qd8 6. Be2 Bg7 7. 0-0 0-0 8. Nc3 c6 9. h3 Na6 10. Bf4 Nc7 11. Qd2 Bf5 12. Qe3 b5 13. Ne5 Bd7 14. Bf3 bxc4 15. Bxc6 Be6 16. Bxa8 Nxa8 17. Nc6 Qd7 18. d5 Bxd5 19. Nxe7+ Kh8 20. Rad1 Nb6 21. Qc5 Rd8 22. Be5 Qe6 23. Bxf6 1-0

[Event "Agzamov Memorial 03rd"]
[Site "Tashkent"]
[Date "2009.03.20"]
[Round "5"]
[White "Khamroev, Ravshan"]
[Black "Filippov, Anton"]
[Result "0-1"]
[WhiteElo "2206"]
[BlackElo "2558"]
[PlyCount "178"]
[EventDate "2009.03.15"]
[EventType "swiss"]
[EventRounds "9"]
[EventCountry "UZB"]
[SourceTitle "CBM 129 Extra"]
[Source "ChessBase"]
[SourceDate "2009.05.05"]
[SourceVersion "2"]
[SourceVersionDate "2009.05.20"]
[SourceQuality "1"]

1. e4 e5 2. Bc4 Nf6 3. Nc3 Nc6 4. d3 Na5 5. Qf3 Be7 6. Nge2 0-0 7. h3 c6 8. a4 Nxc4 9. dxc4 d6 10. 0-0 Be6 11. b3 Qa5 12. Rd1 Rad8 13. Bd2 Qc7 14. Bg5 Kh8 15. Ng3 Ng8 16. Bxe7 Nxe7 17. Rd2 f6 18. Rad1 Nc8 19. Qe3 Rd7 20. Rd3 Rfd8 21. Nge2 Qb6 22. Qxb6 axb6 23. f4 exf4 24. Nxf4 Bf7 25. Kf2 Kg8 26. g4 Ne7 27. Kg3 Ng6 28. Nxg6 hxg6 29. g5 Be6 30. h4 Kf8 31. Ne2 Ke7 32. Nf4 Bf7 33. Kf3 Rh8 34. Kg3 Ra8 35. Rg1 Rh8 36. Rd2 Rdd8 37. Rdg2 Rh7 38. gxf6+ gxf6 39. Kf3 Rxh4 40. Nxg6+ Bxg6 41. Rxg6 Rf8 42. Ke3 Ke6 43. Rg7 Rf7 44. Rg8 Rhh7 45. R1g3 Re7 46. Rd8 Rh4 47. Kd3 Ke5 48. Rf3 Rxe4 49. Rf8 Re6 50. R8xf6 Rd4+ 51. Ke3 Rxf6 52. Rxf6 Re4+ 53. Kd3 Rd4+ 54. Ke3 Rxc4 55. Rf2 Rc5 56. Kd3 Ke6 57. Rh2 Rf5 58. Rh6+ Rf6 59. Rh7 Rf7 60. Rh6+ Kd7 61. Rh3 d5 62. Rh6 Rg7 63. Rf6 Rh7 64. Rg6 Rh3+ 65. Kd4 Rh4+ 66. Kd3 Rh7 67. Ke3 Kc7 68. Kd3 Rh3+ 69. Kd4 Rh8 70. Rg7+ Kb8 71. Kd3 Ka7 72. Rf7 Ka6 73. Kc3 Rh3+ 74. Kd4 Rg3 75. Rh7 Rg8 76. Rf7 Rd8 77. Rh7 Rb8 78. Rh4 Ka5 79. Rg4 b5 80. Kc5 Re8 81. Rg7 b6+ 82. Kd4 Ka6 83. axb5+ Kxb5 84. Rg6 Rd8 85. Rg5 Kb4 86. Kd3 c5 87. Kd2 d4 88. Rg7 b5 89. Rb7 Re8 0-1

[Event "UZB-ch U20"]
[Site "Tashkent"]
[Date "2008.09.25"]
[Round "7"]
[White "Khamroev, Ravshan"]
[Black "Vakhidov, Jahongir"]
[Result "1/2-1/2"]
[WhiteElo "2181"]
[BlackElo "2165"]
[PlyCount "92"]
[EventDate "2008.09.19"]
[EventType "tourn"]
[EventRounds "13"]
[EventCountry "UZB"]
[SourceTitle "CBM 126 Extra"]
[Source "ChessBase"]
[SourceDate "2008.11.05"]
[SourceVersion "1"]
[SourceVersionDate "2008.11.05"]
[SourceQuality "1"]

1. e4 c5 2. f4 Nc6 3. Nf3 e6 4. Bb5 Nge7 5. 0-0 a6 6. Be2 d5 7. d3 g6 8. Be3 b6 9. Nbd2 Bg7 10. e5 0-0 11. c3 Qc7 12. d4 c4 13. g4 h6 14. Qe1 Kh7 15. Qh4 Rh8 16. Rf2 Kg8 17. Qg3 Bd7 18. Raf1 Qc8 19. Nh4 Kf8 20. Bd1 Ke8 21. Bc2 Rg8 22. Kh1 Bf8 23. Qf3 Nd8 24. f5 gxf5 25. gxf5 exf5 26. Qh5 f4 27. e6 Bxe6 28. Bxf4 Bg4 29. Qe5 Qe6 30. Qc7 Bh3 31. Ra1 Rc8 32. Qa7 Qc6 33. Ndf3 f6 34. Ng6 Nxg6 35. Rg1 Nxf4 36. Rxg8 Bd7 37. Nh4 Ra8 38. Qxa8 Qxa8 39. Rxf4 Kf7 40. Rg1 Bg7 41. Ng6 Ne6 42. Rf2 Ng5 43. Ne5+ Ke7 44. Nxd7 Kxd7 45. h4 Qe8 46. hxg5 Qe3 1/2-1/2

[Event "UZB-ch U20"]
[Site "Tashkent"]
[Date "2008.09.20"]
[Round "2"]
[White "Artemenko, Oleg"]
[Black "Khamroev, Ravshan"]
[Result "0-1"]
[WhiteElo "2012"]
[BlackElo "2181"]
[PlyCount "46"]
[EventDate "2008.09.19"]
[EventType "tourn"]
[EventRounds "13"]
[EventCountry "UZB"]
[SourceTitle "CBM 126 Extra"]
[Source "ChessBase"]
[SourceDate "2008.11.05"]
[SourceVersion "1"]
[SourceVersionDate "2008.11.05"]
[SourceQuality "1"]

1. d4 f5 2. g3 Nf6 3. Bg2 g6 4. Nf3 Bg7 5. 0-0 0-0 6. d5 d6 7. Nd4 Na6 8. c4 Qe8 9. Nc3 Bd7 10. Rb1 c6 11. Kh1 Nc5 12. b3 a5 13. Bb2 g5 14. Qc2 Qh5 15. Rbe1 f4 16. e3 Ng4 17. Nf3 fxg3 18. fxg3 Nd3 19. Ba1 Nxe1 20. Rxe1 Be5 21. Kg1 Nxh2 22. Nxh2 Bxg3 23. Nf3 Rxf3 0-1

[Event "Coulsdon Jessie Gilbert"]
[Site "Coulsdon"]
[Date "2008.08.25"]
[Round "10"]
[White "Foster, James C"]
[Black "Khamroev, Ravshan"]
[Result "1-0"]
[WhiteElo "1948"]
[BlackElo "2181"]
[PlyCount "83"]
[EventDate "2008.08.16"]
[EventType "swiss"]
[EventRounds "10"]
[EventCountry "ENG"]
[SourceTitle "EXT 2009"]
[Source "ChessBase"]
[SourceDate "2008.11.26"]
[SourceVersion "1"]
[SourceVersionDate "2008.11.26"]
[SourceQuality "1"]

1. e4 e6 2. d4 d5 3. exd5 exd5 4. c4 Bb4+ 5. Nc3 Qe7+ 6. Be3 Nf6 7. Bd3 Be6 8. c5 Nc6 9. Nge2 0-0 10. 0-0 Bg4 11. h3 Bh5 12. Qb3 Bxc3 13. Nxc3 Qd7 14. Bg5 Nxd4 15. Qb4 Ne6 16. Bxf6 gxf6 17. Qxb7 Nf4 18. Bb5 Qf5 19. Qxc7 Qg5 20. g3 Nxh3+ 21. Kg2 Rac8 22. f4 Qg6 23. Qe7 Bg4 24. Rac1 Kg7 25. Bd7 Rc7 26. c6 Qd3 27. Qxf8+ Kxf8 28. Bxg4 Rxc6 29. Kxh3 f5 30. Bf3 Qd2 31. Ne2 Re6 32. Rc8+ Kg7 33. Rf2 Qe3 34. Kg2 d4 35. Rd8 d3 36. Nd4 Rf6 37. Rd5 Kg6 38. Nb3 Rb6 39. Nc5 Rb5 40. Rd6+ f6 41. Nxd3 a5 42. Re2 1-0

[Event "Coulsdon Jessie Gilbert"]
[Site "Coulsdon"]
[Date "2008.08.23"]
[Round "8"]
[White "Rudd, Jack"]
[Black "Khamroev, Ravshan"]
[Result "1-0"]
[WhiteElo "2345"]
[BlackElo "2181"]
[PlyCount "69"]
[EventDate "2008.08.16"]
[EventType "swiss"]
[EventRounds "10"]
[EventCountry "ENG"]
[SourceTitle "CBM 125 Extra"]
[Source "ChessBase"]
[SourceDate "2008.09.01"]
[SourceVersion "1"]
[SourceVersionDate "2008.09.01"]
[SourceQuality "1"]

1. e4 c5 2. Nf3 d6 3. Nc3 a6 4. d4 cxd4 5. Qxd4 Nc6 6. Qe3 e6 7. b3 Nf6 8. Bb2 Be7 9. 0-0-0 Ng4 10. Qe1 Qc7 11. Kb1 b5 12. h3 Nge5 13. Nh2 Bb7 14. f4 Nd7 15. Qg3 Rg8 16. Nf3 0-0-0 17. Ng5 Nc5 18. Nxf7 Rdf8 19. Ng5 Bxg5 20. fxg5 b4 21. Na4 Nxe4 22. Qe3 Nd8 23. Rd4 Rf2 24. Bd3 Nd2+ 25. Ka1 Rgf8 26. Rd1 Nf1 27. Qe1 a5 28. Bxh7 d5 29. Bd3 e5 30. Rh4 d4 31. Rxd4 Nd2 32. Rxd2 Rxd2 33. Rc4 Qxc4 34. bxc4 Rxg2 35. Nb6+ 1-0

[Event "SCO-ch 115th"]
[Site "Glasgow"]
[Date "2008.06.10"]
[Round "6"]
[White "Khamroev, Ravshan"]
[Black "Tate, Alan"]
[Result "1/2-1/2"]
[WhiteElo "2129"]
[BlackElo "2167"]
[PlyCount "56"]
[EventDate "2008.06.05"]
[EventType "swiss"]
[EventRounds "9"]
[EventCountry "SCO"]
[SourceTitle "EXT 2009"]
[Source "ChessBase"]
[SourceDate "2008.11.26"]
[SourceVersion "1"]
[SourceVersionDate "2008.11.26"]
[SourceQuality "1"]

1. e4 c5 2. Nf3 d6 3. d4 Nf6 4. dxc5 Nxe4 5. cxd6 Nc6 6. Na3 Nxd6 7. Bf4 e5 8. Qe2 f6 9. 0-0-0 Be7 10. Nb5 a6 11. Nxd6+ Bxd6 12. Be3 Qe7 13. Nd2 Be6 14. Ne4 Ba3 15. c3 f5 16. Ng5 Bc5 17. Bxc5 Qxg5+ 18. Kb1 Rd8 19. g3 Rxd1+ 20. Qxd1 Kf7 21. Bb6 Re8 22. Bg2 Re7 23. Re1 Rd7 24. Qc1 Qxc1+ 25. Kxc1 e4 26. b3 Ne5 27. Kc2 Rd6 28. Bd4 Nf3 1/2-1/2

[Event "UZB-ch 1st League"]
[Site "Bukhara"]
[Date "2008.04.14"]
[Round "9"]
[White "Khamroev, Ravshan"]
[Black "Gubaydulin, Talgat"]
[Result "1/2-1/2"]
[WhiteElo "2129"]
[BlackElo "2213"]
[PlyCount "20"]
[EventDate "2008.04.06"]
[EventType "tourn"]
[EventRounds "11"]
[EventCountry "UZB"]
[EventCategory "1"]
[SourceTitle "EXT 2015"]
[Source "ChessBase"]
[SourceDate "2014.11.20"]
[SourceVersion "1"]
[SourceVersionDate "2014.11.20"]
[SourceQuality "1"]

1. e4 e5 2. Nc3 Nf6 3. Bc4 Nxe4 4. Qh5 Nd6 5. Bb3 Be7 6. Nf3 Nc6 7. Nxe5 g6 8. Nxc6 dxc6 9. Qf3 0-0 10. 0-0 Nf5 1/2-1/2

[Event "UZB-ch 1st League"]
[Site "Bukhara"]
[Date "2008.04.08"]
[Round "3"]
[White "Kasyan, Aleksandr"]
[Black "Khamroev, Ravshan"]
[Result "1/2-1/2"]
[WhiteElo "2314"]
[BlackElo "2129"]
[PlyCount "68"]
[EventDate "2008.04.06"]
[EventType "tourn"]
[EventRounds "11"]
[EventCountry "UZB"]
[EventCategory "1"]
[SourceTitle "EXT 2015"]
[Source "ChessBase"]
[SourceDate "2014.11.20"]
[SourceVersion "1"]
[SourceVersionDate "2014.11.20"]
[SourceQuality "1"]

1. d4 d5 2. c4 c6 3. Nc3 Nf6 4. e3 a6 5. Nf3 b5 6. b3 Bg4 7. Be2 Nbd7 8. Bb2 e6 9. 0-0 Bd6 10. h3 Bh5 11. Ne5 Bxe2 12. Nxe2 Rc8 13. Qd3 0-0 14. Rfc1 Ne4 15. cxb5 Bxe5 16. dxe5 axb5 17. f3 Nec5 18. Qd4 Nb7 19. b4 Nb6 20. Qg4 Qe7 21. Ng3 Kh8 22. Nh5 Rg8 23. Bd4 Nc4 24. a3 c5 25. bxc5 Nxc5 26. Rc3 Na4 27. Rb3 Rb8 28. Qg3 Rb7 29. Kh2 Nc5 30. Rc3 Nd7 31. Rb3 Nc5 32. Rc3 Na6 33. Rb3 Nc7 34. e4 Rbb8 1/2-1/2